Top 100 US Baby Boys' Names of the 1980s - Statistics

General Stats
  • This quiz has been taken 3,083 times
    2,920 since last reset
  • The average score is 58 of 100
Answer Stats
Hint Answer % Correct
9 John
97%
1 Michael
93%
5 David
91%
6 James
91%
15 William
91%
40 Paul
90%
24 Thomas
89%
7 Daniel
88%
8 Robert
88%
3 Matthew
87%
61 Peter
87%
13 Andrew
86%
2 Christopher
86%
47 Jose
86%
34 Mark
85%
69 George
84%
27 Richard
84%
33 Charles
82%
10 Joseph
80%
79 Alex
79%
31 Benjamin
79%
57 Edward
79%
23 Kevin
77%
35 Jacob
76%
52 Samuel
76%
22 Adam
75%
20 Anthony
75%
88 Frank
75%
26 Timothy
75%
16 Brian
73%
11 Jason
73%
25 Steven
73%
4 Joshua
72%
19 Nicholas
71%
66 Donald
70%
39 Nathan
70%
14 Ryan
70%
12 Justin
69%
50 Alexander
68%
21 Eric
68%
18 Jonathan
67%
37 Patrick
67%
43 Zachary
67%
41 Sean
66%
56 Shawn
66%
36 Stephen
64%
32 Aaron
63%
45 Gregory
63%
67 Ronald
63%
82 Ian
62%
28 Jeremy
61%
17 Brandon
60%
46 Kenneth
60%
30 Kyle
60%
48 Tyler
57%
91 Victor
57%
68 | 87 Philip
56%
38 Scott
56%
54 Bradley
55%
29 Jeffrey
55%
78 Gary
54%
60 Jordan
53%
92 Vincent
53%
100 Christian
52%
89 Evan
51%
63 Keith
51%
64 Marcus
51%
94 Larry
48%
80 Nathaniel
48%
98 Dennis
47%
75 Raymond
46%
65 Juan
43%
53 Derek
41%
76 Carlos
36%
81 Craig
36%
49 Jesse
36%
71 Joel
34%
70 Cory
33%
73 Douglas
33%
51 Bryan
32%
90 Gabriel
32%
93 Austin
31%
55 Chad
30%
96 Seth
30%
42 Travis
30%
72 Shane
29%
77 Brett
28%
59 Cody
28%
58 Jared
28%
74 Antonio
26%
95 Brent
25%
62 Corey
24%
44 Dustin
24%
99 Todd
23%
97 Wesley
22%
86 Casey
16%
84 Derrick
16%
83 Luis
16%
85 Erik
15%
No matching quizzes found
Score Distribution
Percent of People with Each Score
Percentile by Number Answered
Your Score History
You have not taken this quiz since the last reset